000 00879nam a2200217 a 4500
001 40921
003 BD-RjUL
005 20211209053310.0
008 160512s1971 ii a|||| |||| 001 0 ben d
035 _a(BD-RjUL)41037
040 _aBD-RjUL
_bben
_cBD-RjUL
041 _aben
082 _223
_a891.4409
_bSEP 1971
100 _aসেন, উমা
_9118277
245 1 0 _aপ্রাচীন ও মধ্যযুগের বাংলা সাহিত্যে সাধারণ মানুষ /
_cউমা সেন
260 _aকলিকাতা :
_bজিজ্ঞাসা,
_c১৯৭১
300 _a[২৪], ২৪৬ পৃ. ;
_c২১ সেমি.
650 _aবাংলা সাহিত্য
_xইতিহাস ও সমালোচনা
_9118060
650 _aBengali Literature
_xHistory & Criticism
_9120485
942 _2ddc
_cBK
999 _c40921
_d40921